Investigación filosófica: manual del profesor para acompañar a El descubrimiento de Harry Stottlemeier. Capítulo XVII
Na minha lista:
| Main Authors: | , |
|---|---|
| Formato: | Livro |
| Idioma: | espanhol |
| Publicado em: |
Madrid
De la Torre
1988
|
| Colecção: | Proyecto Didáctico Quirón. Programa Filosofía para Niños
|
| Assuntos: | |
| Tags: |
Adicionar Tag
Sem tags, seja o primeiro a adicionar uma tag!
|
MARC
| LEADER | 00000nam a2200000 a 4500 | ||
|---|---|---|---|
| 001 | UCN1834 | ||
| 003 | CL-VaPUC | ||
| 008 | 010504e19880000SP |||||||||||||||||spa|d | ||
| 082 | 0 | 4 | |a 808.0683 |b LIP |2 21 |
| 700 | 0 | |a Sharp, Ann Margaret |e author |9 457281 | |
| 700 | 0 | |a Oscanyan, Frederick S |e author |9 457282 | |
| 245 | 1 | 0 | |a Investigación filosófica: manual del profesor para acompañar a El descubrimiento de Harry Stottlemeier. Capítulo XVII |
| 300 | |a pág. irreg | ||
| 942 | |c BK | ||
| 945 | |d 20010504 00:00:00 |a cmena | ||
| 260 | |a Madrid |b De la Torre |c 1988 | ||
| 500 | |a En forma separada texto: El descubrimiento de Harry | ||
| 500 | |a Capítulo XVII, ideas principales. 1: ¿Vale la pena tratar de "discurrir cómo son los cosas"?. 2: Tautologías y verdad. 3: Diferentes estilos de pensar. 4: ¿Es posible que exista el conocimiento objetivo si cada persona tiene derecho a su propio punto de vista?. 5: Interpretación del poema de Lisa. 6: Lograr objetividad mediante marcos de referencia de mayor amplitud. 7: El logro de la objetividad mediante una comunidad de investigación | ||
| 650 | 0 | |a Literatura infantil |9 307465 | |
| 650 | 7 | |a FILOSOFIA PARA NIÑOS |2 CL-VaPUC |9 457283 | |
| 650 | 0 | |a Métodos de enseñanza |9 270413 | |
| 583 | |a last modification |c 20010504 00:00:00 |k Rodrigo Vera | ||
| 490 | 0 | |a Proyecto Didáctico Quirón. Programa Filosofía para Niños | |
| 999 | |c 295059 |d 295057 | ||
| 952 | |0 0 |1 0 |4 0 |6 808_068300000000000_LIP_1988 |7 0 |8 P |9 347952 |a BIBEDU |b BIBEDU |c BIBEDU_PB |d 2019-11-20 |i 3698777 |o 808.0683 LIP 1988 |p 3698777 |r 2024-01-25 |w 2019-11-20 |y BK |k EPE | ||
| 952 | |0 0 |1 0 |4 0 |6 808_068300000000000_LIP_1988 |7 0 |8 P |9 347953 |a BIBEDU |b BIBEDU |c BIBEDU_PB |d 2019-11-20 |i 3723569 |o 808.0683 LIP 1988 |p 3723569 |r 2024-01-25 |w 2019-11-20 |y BK |k EPE | ||